[Event "Chubut Easter op 1st"]
[Site "Chubut"]
[Date "2021.04.03"]
[Round "5"]
[White "Lorelli, Daniel"]
[Black "Aguilar, Andres"]
[Result "1-0"]
[WhiteElo "2039"]
[BlackElo "2283"]
[PlyCount "135"]
[EventDate "2021.04.01"]
[EventType "swiss"]
[EventRounds "6"]
[EventCountry "ARG"]
[SourceTitle "EXT 2022"]
[Source "ChessBase"]
[SourceDate "2021.10.06"]
[SourceVersion "1"]
[SourceVersionDate "2021.10.06"]
[SourceQuality "1"]

1. e4 c5 2. Nf3 e6 3. c3 Nf6 4. e5 Nd5 5. Bc4 d6 6. exd6 Bxd6 7. 0-0 0-0 8. d4 cxd4 9. cxd4 Nc6 10. Nc3 Nf6 11. Bg5 Be7 12. a3 b6 13. Qd3 Bb7 14. Rad1 Qc7 15. Ba2 Rad8 16. Bb1 g6 17. Rfe1 Ng4 18. Nb5 Qb8 19. Bxe7 Nxe7 20. h3 Nf6 21. Nc3 Nf5 22. Qe2 Qf4 23. Ne4 Nxe4 24. Bxe4 Bxe4 25. Qxe4 Qxe4 26. Rxe4 Rc8 27. Re2 Rfd8 28. Red2 Rd5 29. Kf1 a5 30. Ne5 Rcd8 31. Nc4 Rb5 32. Ke2 a4 33. Ne3 Ne7 34. Rc1 Rb3 35. Rc4 b5 36. Rc3 Rxc3 37. bxc3 Nd5 38. Kd3 Nc7 39. Ke2 f5 40. Rb2 Rd7 41. h4 Kf8 42. Nc2 Ke7 43. Nb4 Kd6 44. Nd3 Nd5 45. Kd2 Nc7 46. Ne5 Rg7 47. Kd3 h6 48. c4 bxc4+ 49. Nxc4+ Ke7 50. Rb7 Kd7 51. Ne5+ Kc8 52. Ra7 g5 53. h5 g4 54. Rxa4 Nd5 55. Ra8+ Kb7 56. Re8 Rc7 57. Kd2 Nf4 58. g3 Nh3 59. Nd3 Ng5 60. Nc5+ Kb6 61. Ke3 Kb5 62. a4+ Kc4 63. Nxe6 Ra7 64. Nxg5 Rxa4 65. Rc8+ Kd5 66. Rc5+ Kd6 67. Nf7+ Ke6 68. Nxh6 1-0

[Event "Trelew op"]
[Site "Trelew"]
[Date "2019.08.19"]
[Round "6"]
[White "Etchechoury, Julian Andres"]
[Black "Lorelli, Daniel"]
[Result "0-1"]
[WhiteElo "1502"]
[BlackElo "2024"]
[PlyCount "36"]
[EventDate "2019.08.16"]
[EventType "swiss"]
[EventRounds "7"]
[EventCountry "ARG"]
[SourceTitle "EXT 2020"]
[Source "ChessBase"]
[SourceDate "2019.10.17"]
[SourceVersion "1"]
[SourceVersionDate "2019.10.17"]
[SourceQuality "1"]

1. c4 e5 2. Nc3 Nf6 3. g3 g6 4. Bg2 Bg7 5. Nf3 Nc6 6. 0-0 0-0 7. Rb1 d6 8. b4 Be6 9. d3 h6 10. Qc2 Qd7 11. b5 Ne7 12. e4 Nh5 13. Nh4 Bh3 14. f4 exf4 15. Bxf4 g5 16. Bxh3 Qxh3 17. Ng2 gxf4 18. Nxf4 Bd4+ 0-1

[Event "Trelew op"]
[Site "Trelew"]
[Date "2019.08.17"]
[Round "3"]
[White "Lorelli, Daniel"]
[Black "Pichot, Alan"]
[Result "0-1"]
[WhiteElo "2024"]
[BlackElo "2596"]
[PlyCount "54"]
[EventDate "2019.08.16"]
[EventType "swiss"]
[EventRounds "7"]
[EventCountry "ARG"]
[SourceTitle "EXT 2020"]
[Source "ChessBase"]
[SourceDate "2019.10.17"]
[SourceVersion "1"]
[SourceVersionDate "2019.10.17"]
[SourceQuality "1"]

1. c4 Nf6 2. g3 e6 3. Bg2 d5 4. d4 Bb4+ 5. Bd2 Be7 6. Nf3 0-0 7. 0-0 c6 8. Qc2 b6 9. Rd1 a5 10. Bf4 Ba6 11. Nbd2 Nbd7 12. Rac1 Nh5 13. Ne5 Nxf4 14. gxf4 Nxe5 15. dxe5 Rc8 16. Qb3 Bb4 17. Qg3 Qe7 18. Nf3 Bxc4 19. Nd4 Bc5 20. f5 Kh8 21. Rxc4 dxc4 22. Nxc6 Qe8 23. f6 Rg8 24. Qh4 Bf8 25. Rd4 gxf6 26. Kf1 Rxc6 27. Qxf6+ Bg7 0-1

[Event "Trelew Acevedo Cup"]
[Site "Trelew"]
[Date "2018.04.29"]
[Round "4"]
[White "Lowy, Tomas"]
[Black "Lorelli, Daniel"]
[Result "1-0"]
[WhiteElo "1810"]
[BlackElo "1990"]
[PlyCount "127"]
[EventDate "2018.04.27"]
[EventType "swiss"]
[EventRounds "7"]
[EventCountry "ARG"]
[SourceTitle "CBM 184 Extra"]
[Source "ChessBase"]
[SourceDate "2018.06.28"]
[SourceVersion "1"]
[SourceVersionDate "2018.06.28"]
[SourceQuality "1"]

1. e4 c5 2. Nf3 e6 3. d4 cxd4 4. Nxd4 Nf6 5. Bd3 d6 6. 0-0 Be7 7. Nd2 0-0 8. c4 Nc6 9. N2f3 a6 10. b3 Bd7 11. Bb2 Rb8 12. Rc1 Qa5 13. Bc3 Qc7 14. Qe2 Rfe8 15. Rfd1 Rbd8 16. b4 Qb8 17. Nc2 Nh5 18. g3 Nf6 19. b5 Ne5 20. Nxe5 dxe5 21. a4 Bc5 22. Ne1 b6 23. Nf3 Ng4 24. Rf1 f6 25. Bd2 a5 26. h3 Nh6 27. Be3 Qc7 28. Ne1 Nf7 29. Bb1 Nd6 30. f3 Nb7 31. Nd3 Bc8 32. Rfd1 Bxe3+ 33. Qxe3 Rd4 34. c5 Nxc5 35. Nxc5 bxc5 36. Qc3 Red8 37. Rf1 c4 38. Ba2 Qb6 39. Kh1 Bd7 40. Qe3 Qc7 41. Rc3 Bc8 42. Qc1 Bb7 43. Rxc4 Qd6 44. Rc7 Ba8 45. Rc8 Kf7 46. Qc7+ Qxc7 47. Rxc7+ Kg6 48. Bxe6 Rd2 49. Rfc1 Rb2 50. Rd7 Rf8 51. Bf5+ Kh6 52. Rcc7 Rb1+ 53. Kg2 Rb2+ 54. Kf1 Rb1+ 55. Ke2 Rb2+ 56. Kd1 Rg8 57. Be6 Re8 58. Bc4 Rg2 59. Rxg7 Rd8+ 60. Bd5 f5 61. Rxh7+ Kg6 62. Rcg7+ Kf6 63. Rf7+ Kg5 64. h4+ 1-0

[Event "Trelew Acevedo Cup"]
[Site "Trelew"]
[Date "2018.04.28"]
[Round "2"]
[White "Paolini, Claudio P"]
[Black "Lorelli, Daniel"]
[Result "1/2-1/2"]
[WhiteElo "1937"]
[BlackElo "1990"]
[PlyCount "26"]
[EventDate "2018.04.27"]
[EventType "swiss"]
[EventRounds "7"]
[EventCountry "ARG"]
[SourceTitle "CBM 184 Extra"]
[Source "ChessBase"]
[SourceDate "2018.06.28"]
[SourceVersion "1"]
[SourceVersionDate "2018.06.28"]
[SourceQuality "1"]

1. e4 g6 2. Nc3 Bg7 3. d4 d6 4. Be3 Nf6 5. f3 c6 6. Qd2 Nbd7 7. 0-0-0 b5 8. Bh6 Bxh6 9. Qxh6 Qc7 10. Nh3 b4 11. Ne2 Nb6 12. Nef4 Bxh3 13. Qxh3 Qd7 1/2-1/2

[Event "Trelew Acevedo Cup"]
[Site "Trelew"]
[Date "2018.04.27"]
[Round "1"]
[White "Lorelli, Daniel"]
[Black "Aguilar, Andres"]
[Result "0-1"]
[WhiteElo "1990"]
[BlackElo "2252"]
[PlyCount "80"]
[EventDate "2018.04.27"]
[EventType "swiss"]
[EventRounds "7"]
[EventCountry "ARG"]
[SourceTitle "CBM 184 Extra"]
[Source "ChessBase"]
[SourceDate "2018.06.28"]
[SourceVersion "1"]
[SourceVersionDate "2018.06.28"]
[SourceQuality "1"]

1. e4 c5 2. Nc3 Nc6 3. g3 g6 4. Bg2 Bg7 5. d3 d6 6. Nf3 e5 7. Be3 Nge7 8. Qd2 Nd4 9. Nd5 Nxd5 10. exd5 Bh3 11. Bg5 Bxg2 12. Nxd4 Qd7 13. Rg1 Bxd5 14. Ne2 0-0 15. Bh6 Rfe8 16. Bxg7 Kxg7 17. Nc3 Be6 18. f3 f6 19. 0-0-0 Rf8 20. Kb1 Rac8 21. h4 b5 22. g4 b4 23. Ne2 Qf7 24. Nc1 Qd7 25. Rde1 Rce8 26. Qh2 a5 27. Rh1 h6 28. Qd2 a4 29. Reg1 Qc6 30. Qe3 Qd5 31. h5 g5 32. Qe4 f5 33. Qxd5 Bxd5 34. Rh3 fxg4 35. fxg4 Rf2 36. Re3 Ref8 37. Re2 Rf1 38. Re1 Rxe1 39. Rxe1 Rf4 40. a3 Rxg4 0-1